Bulletin de l'Institut de Recherches Économiques et Sociales

محفوظ في:

التنسيق: دورية

اللغة: Undetermined

منشور في: JSTOR
Department of Economics, Universite Catholique de Louvain

الموضوعات:

الوصول للمادة أونلاين: Login to view Source

الوسوم: إضافة وسم

لا توجد وسوم, كن أول من يضع وسما على هذه التسجيلة!

رقم الطلب:

LEADER 00591nas a2200169Ia 4500
008 220214c99999999xx |||||||||||| ||und||
022 |a 1373-9719 
245 0 0 |a Bulletin de l'Institut de Recherches Économiques et Sociales 
264 1 |b JSTOR 
264 1 |b Department of Economics, Universite Catholique de Louvain 
362 0 |a Vol. 12(1946)-26 (1960) 
653 1 0 |a Business & Economics 
653 1 0 |a Economics 
856 4 0 |u https://www.jstor.org/journal/bulinsrececosoc 
942 |c JL 
952 |0 0  |1 0  |4 0  |7 1  |9 34298  |a JSR  |b JSR  |d 2022-02-14  |l 0  |r 2022-02-14 00:00:00  |w 2022-02-14  |y JL 
999 |c 42631  |d 42631